Bilanzieren nach Handels- und Steuerrecht
Uložené v:
| Hlavný autor: | |
|---|---|
| Médium: | Kniha |
| Jazyk: | German |
| Vydavateľské údaje: |
Wiesbaden
Gabler
1991
|
| Vydanie: | 1. Aufl. |
| Predmet: | |
| Tagy: |
Žiadne tagy, Buďte prvý, kto otaguje tento záznam!
|
MARC
| LEADER | 00000nam a2200000 4500 | ||
|---|---|---|---|
| 001 | c000196 | ||
| 005 | 20221214102005.3 | ||
| 020 | |a 3-409-13980-X | ||
| 041 | 0 | |a ger | |
| 044 | |a DE | ||
| 245 | 1 | 0 | |a Bilanzieren nach Handels- und Steuerrecht |c Wolfgang Hilke |
| 250 | |a 1. Aufl. | ||
| 264 | 1 | |a Wiesbaden |b Gabler |c 1991 | |
| 300 | |a 133 s. | ||
| 610 | 2 | 0 | |a bilancie |
| 610 | 2 | 0 | |a právo obchodné |
| 610 | 2 | 0 | |a bilancia obchodná |
| 610 | 2 | 0 | |a predpisy právne |
| 610 | 2 | 0 | |a dane |
| 610 | 2 | 0 | |a právo hospodárske |
| 100 | 1 | |a Hilke, Wolfgang | |